Technology at work (Бичлэгийн дугаар. 145844)
| 000 -УДИРДЛАГА | |
|---|---|
| Удирдлага | 00771nam a22002657a 4500 |
| 003 - ХЯНАЛТЫН ТОО ТОДОРХОЙЛОГЧ | |
| Код | MN-UlNUM |
| 005 - БИЧИЛТ ХИЙСЭН ОГНОО | |
| Тухайн бичилтийг бичсэн засварласан сүүлийн огноо | 20251205105816.0 |
| 008 - ЕРӨНХИЙ МЭДЭЭЛЭЛ | |
| Ерөнхий мэдээлэл | 251204s1987 ohua 001 0 eng |
| 020 ## - ISBN | |
| ISBN | 0538163003 |
| 040 ## - БИЧЛЭГ ҮҮСГЭГЧ БАЙГУУЛЛАГА | |
| Бичлэг үүсгэгч номын сангийн код | МУИС-ийн номын сан |
| 084 ## - ББК АНГИЛАЛ | |
| Нэмэлт тусгалт | Нэг сэдэвт бүтээл |
| ББК ангилал | 30.1 |
| Зохиогчийн гурван тэмдэгт | W 69 |
| Мэдлэгийн ялгаа | 3 - Техник |
| 100 ## - ЗОХИОГЧ | |
| Зохиогчийн нэр | Williams, Charles F |
| 245 ## - ҮНДСЭН ГАРЧИГ | |
| Номын нэр | Technology at work |
| 260 ## - ГАРАЛТЫН МЭДЭЭ | |
| Хэвлэгдсэн газар | Cincinnati |
| Хэвлэлийн газар | South-Western Pub. Co. |
| Хэвлэгдсэн он | 1987 |
| 300 ## - МАТЕРИАЛЫН ТОДОРХОЙЛОЛТ | |
| хуудасны тоо | xiv, 466 p. : |
| Бусад тоон мэдээлэл | ill. (some col.) ; |
| Хэмжээ | 24 cm |
| 500 ## - Тайлбар | |
| Дансны дугаар | БС 4318 |
| 505 ## - Агуулгын тэмдэглэгээ | |
| Агуулгын тэмдэглэгээ | Discusses technology and shows how it is being increasingly integrated into all aspects of society. |
| 546 ## - ХЭЛНИЙ ТУХАЙ МЭДЭЭ | |
| Хэл | Англи хэл дээр, |
| 653 ## - Түлхүүр үг | |
| Түлхүүр үг | technology |
| 700 ## - ХАМ ЗОХИОГЧИД | |
| Ба бус | Badrkhan, Kamiran S |
| 700 ## - ХАМ ЗОХИОГЧИД | |
| Ба бус | Daggett, Willard R |
| 942 ## - ЭЛЕМЕНТИЙН ТӨРӨЛ | |
| Зүйлийн төрөл | Ном |
